000 00611nam a2200193 a 4500
001 000010942
005 20240412074221.0
008 091013s1996 dr a r 001 0 spa d
040 _aDO-SdBNP
_bspa
_cBNPHU
082 _aRD861.44
_bS211cu
100 1 _aSánchez Roa, Adriano
_98496
245 1 0 _aCuando el amor nace en primavera /
_cAdriano Sánchez Roa.
260 _aSanto Domingo :
_bCorripio,
_c1996.
300 _a125 p. :
_bil. ;
_c16 cm.
590 _aInventariado, 2018/BT
650 0 _aPoesía dominicana
_966
650 0 _aLiteratura dominicana.
_967
910 _aValidado. Control de calidad. MMOLINA
999 _c10680
_d10680